PERT-CPM y técnicas relacionadas (Registro nro. 998)

Detalles MARC
000 -LEADER
fixed length control field 00996 a2200217 4500
001 - CONTROL NUMBER
control field 22381
005 - DATE AND TIME OF LATEST TRANSACTION
control field 20260407155514.0
008 - FIXED-LENGTH DATA ELEMENTS--GENERAL INFORMATION
fixed length control field 260407a1981 arg spa d
003 - CONTROL NUMBER IDENTIFIER
control field AR-UNSa-BCEJYS
040 ## - CATALOGING SOURCE
Original cataloging agency AR-UNSa-BCEJYS
Language of cataloging spa
Transcribing agency AR-UNSa-BCEJYS
080 ## - UNIVERSAL DECIMAL CLASSIFICATION NUMBER
Universal Decimal Classification number 658.012.261
Common auxiliary subdivision Suceso-nodo-red. Orientación al suceso. PERT (Técnica de Revisión y Evaluación de Proyectos)
100 1# - MAIN ENTRY--PERSONAL NAME
Personal name Munier, Nolberto J.
245 10 - TITLE STATEMENT
Title PERT-CPM y técnicas relacionadas
250 ## - EDITION STATEMENT
Edition statement 5a.ed
264 #1 - PRODUCTION, PUBLICATION, DISTRIBUTION, MANUFACTURE, AND COPYRIGHT NOTICE
Place of production, publication, distribution, manufacture Buenos Aires :
Name of producer, publisher, distributor, manufacturer Astrea
Date of production, publication, distribution, manufacture, or copyright notice 1981
300 ## - PHYSICAL DESCRIPTION
Extent 213 p.
Dimensions 22 cm.
505 ## - FORMATTED CONTENTS NOTE
Formatted contents note 1. Generalidades - 2. Aplicación de probabilidades al Graphe - 3. Otras aplicaciones del camino crítico - 4. Método Pert generalizado - 5. Programación con recursos limitados - 6. Programación con recursos limitados y su balanceamiento (Ramps) - 7. Pert-costo
590 ## - LOCAL NOTE (RLIN)
Local note niveau_biblio:m niveau_hierar:0
856 41 - ELECTRONIC LOCATION AND ACCESS
Uniform Resource Identifier <a href="https://biblioeco.unsa.edu.ar/pmb/images/libros/PERT-CPM.jpg">https://biblioeco.unsa.edu.ar/pmb/images/libros/PERT-CPM.jpg</a>
Link text Imagen de portada
Electronic format type image/jpeg
942 ## - ADDED ENTRY ELEMENTS (KOHA)
Koha item type
Existencias
Withdrawn status Lost status Damaged status Not for loan Home library Current library Shelving location Date acquired Total checkouts Full call number Barcode Date last seen Price effective from Koha item type
        Biblioteca Prof. Eusebio Cleto del Rey Biblioteca Prof. Eusebio Cleto del Rey   07/04/2026   658.012.261 M963 5ed. L53113 07/04/2026 07/04/2026 Libro
        Biblioteca Prof. Eusebio Cleto del Rey Biblioteca Prof. Eusebio Cleto del Rey   07/04/2026   658.012.261 M963 5ed. L69657 07/04/2026 07/04/2026 Libro
        Biblioteca Prof. Eusebio Cleto del Rey Biblioteca Prof. Eusebio Cleto del Rey   07/04/2026   658.012.261 M963 5ed. L69659 07/04/2026 07/04/2026 Libro
        Biblioteca Prof. Eusebio Cleto del Rey Biblioteca Prof. Eusebio Cleto del Rey   07/04/2026   658.012.261 M963 5ed. L69660 07/04/2026 07/04/2026 Libro
        Biblioteca Prof. Eusebio Cleto del Rey Biblioteca Prof. Eusebio Cleto del Rey   07/04/2026   658.012.261 M963 5ed. L69661 07/04/2026 07/04/2026 Libro